00456nam a2200133Ia 4500008004100000041000800041082002000049100001400069245002500083260005600108300001300164999001900177952012600196230627s9999 xx 000 0 und d amar a345.025 23bDAS aDas P. K. aFamous Murder Trials aDelhibUniversal Law Publishing Co. Pvt. Ltd.c2007 aXII+429p c695238d695238 001040708LLBaNLPbNLPcNLP-55d2008-03-31g225.00l0o345.025 23 DASpNLP-N25900r2023-07-17 00:00:00w2023-07-17yBK